Lịch sử các học thuyết chính trị trên thế giới

Lịch sử và đặc trưng của của các tư tưởng và các học thuyết chính trị trên thế giới từ thời các quốc gia chiếm hữu nô lệ phương Đông, La Mã đến các học thuyết về chuyên chính vô sản của cách mạng XHCN ở Nga và học thuyết chính trị tu...

Descripción completa

Guardado en:
Detalles Bibliográficos
Formato: Libro
Lenguaje:Undetermined
Publicado: Hà Nội Văn hóa Thông tin 2001
Materias:
Etiquetas: Agregar Etiqueta
Sin Etiquetas, Sea el primero en etiquetar este registro!
Thư viện lưu trữ: Trung tâm Học liệu Trường Đại học Cần Thơ
LEADER 01053nam a2200193Ia 4500
001 CTU_44258
008 210402s9999 xx 000 0 und d
020 |c 70000 
082 |a 320.5 
082 |b L302 
245 0 |a Lịch sử các học thuyết chính trị trên thế giới 
245 0 |c Lưu Kiếm Thanh, Phạm Hồng Thái (dịch) 
260 |a Hà Nội 
260 |b Văn hóa Thông tin 
260 |c 2001 
520 |a Lịch sử và đặc trưng của của các tư tưởng và các học thuyết chính trị trên thế giới từ thời các quốc gia chiếm hữu nô lệ phương Đông, La Mã đến các học thuyết về chuyên chính vô sản của cách mạng XHCN ở Nga và học thuyết chính trị tư sản trong thời kì đế quốc chủ nghĩa 
650 |a Political ideologies 
904 |i Minh, Nguyên sửa (tuyen sua 320.09 thanh 320.5) 
980 |a Trung tâm Học liệu Trường Đại học Cần Thơ